[Event "IRQ Club-chT 25th"]
[Site "Baghdad"]
[Date "2013.02.21"]
[Round "1.4"]
[White "Abdul Sada, Radha"]
[Black "Taha, Jalal Abdula"]
[Result "1/2-1/2"]
[WhiteElo "1976"]
[BlackElo "2063"]
[PlyCount "62"]
[EventDate "2013.02.21"]
[EventType "team-tourn"]
[EventRounds "15"]
[EventCountry "IRQ"]
[SourceTitle "EXT 2018"]
[Source "ChessBase"]
[SourceDate "2017.10.13"]
[SourceVersion "1"]
[SourceVersionDate "2017.10.13"]
[SourceQuality "1"]

1. e4 e5 2. Nf3 Nc6 3. d4 exd4 4. Nxd4 Bc5 5. Be3 Bxd4 6. Bxd4 Nxd4 7. Qxd4 Qg5 8. Nd2 d6 9. Bc4 Nf6 10. 0-0-0 0-0 11. h4 Qe5 12. Qxe5 dxe5 13. f3 Re8 14. g4 Be6 15. h5 h6 16. Rdg1 Nh7 17. Rd1 Ng5 18. Rhf1 Rad8 19. Bxe6 Nxe6 20. Nc4 Nd4 21. c3 Ne2+ 22. Kc2 f6 23. Ne3 c6 24. Nf5 Kf8 25. Rd6 Rxd6 26. Nxd6 Re7 27. Nc8 Rc7 28. Nd6 Rd7 29. Nf5 Nf4 30. Rf2 Nd3 31. Rf1 Nf4 1/2-1/2